000 00273nam a22001217a 4500
082 _a926.2
_bSPE
100 _aSpencer Herbert
_950493
245 _aAn autobigraphy
250 _a1st
526 _a0
_b0
_c0
_d926_200000000000000_SPE
650 _aMCE
_9379
942 _2ddc
_cBK
999 _c553315
_d553315